| 000 | 01630nam a2200373Ia 4500 | ||
|---|---|---|---|
| 001 | ebr10216973 | ||
| 003 | CaPaEBR | ||
| 006 | m u | ||
| 007 | cr cn||||||||| | ||
| 008 | 990709s2000 ilua sb 101 0 eng d | ||
| 010 | _z 99039694 | ||
| 020 | _z0226056589 (cl. : alk. paper) | ||
| 020 | _z9780226056845 | ||
| 040 |
_aCaPaEBR _cCaPaEBR |
||
| 035 | _a(OCoLC)212408512 | ||
| 050 | 1 | 4 |
_aHD6270 _b.Y674 2000eb |
| 245 | 0 | 0 |
_aYouth employment and joblessness in advanced countries _h[electronic resource] / _cedited by David G. Blanchflower and Richard B. Freeman. |
| 260 |
_aChicago : _bUniversity of Chicago Press, _c2000. |
||
| 300 |
_aviii, 483 p. : _bill. |
||
| 490 | 1 | _aNBER Comparative labor markets series | |
| 504 | _aIncludes bibliographical references and indexes. | ||
| 533 |
_aElectronic reproduction. _bPalo Alto, Calif. : _cebrary, _d2009. _nAvailable via World Wide Web. _nAccess may be limited to ebrary affiliated libraries. |
||
| 650 | 0 |
_aUnemployment _zOECD countries _vCongresses. |
|
| 650 | 0 |
_aYoung men _xEmployment _zOECD countries _vCongresses. |
|
| 650 | 0 |
_aYoung women _xEmployment _zOECD countries _vCongresses. |
|
| 650 | 0 |
_aYouth _xEmployment _zOECD countries _vCongresses. |
|
| 655 | 7 |
_aElectronic books. _2local |
|
| 700 | 1 | _aBlanchflower, David G. | |
| 700 | 1 |
_aFreeman, Richard B. _q(Richard Barry), _d1943- |
|
| 710 | 2 | _aNational Bureau of Economic Research. | |
| 710 | 2 | _aebrary, Inc. | |
| 830 | 0 | _aNBER Comparative labor markets series. | |
| 856 | 4 | 0 |
_uhttp://site.ebrary.com/lib/rucke/Doc?id=10216973 _zAn electronic book accessible through the World Wide Web; click to view |
| 999 |
_c129000 _d129000 |
||